Lịch sử và địa lí 5

TH Cơ sở tự nhiên và xã hội

Na minha lista:
Detalhes bibliográficos
Autor principal: Nguyễn, Anh Dũng
Outros Autores: Nguyễn, Hữu Chí
Formato: Livro
Idioma:Undetermined
Publicado em: H. Giáo dục 2008
Assuntos:
Acesso em linha:http://lrc.tdmu.edu.vn/opac/search/detail.asp?aID=2&ID=4594
Tags: Adicionar Tag
Sem tags, seja o primeiro a adicionar uma tag!
Thư viện lưu trữ: Trung tâm Học liệu Trường Đại học Thủ Dầu Một
LEADER 00765nam a2200217Ia 4500
001 TDMU_4594
008 210410s9999 xx 000 0 und d
082 |a 372.89 
090 |b NG527 
100 |a Nguyễn, Anh Dũng 
245 0 |a Lịch sử và địa lí 5 
245 0 |c Nguyễn Anh Dũng 
260 |a H. 
260 |b Giáo dục 
260 |c 2008 
300 |a 136tr 
520 |a TH Cơ sở tự nhiên và xã hội 
650 |a Sách lớp 5; Lịch sử  |x Giảng dạy và học tập; Địa lí  |x Giảng dạy và học tập 
700 |a Nguyễn, Hữu Chí 
856 |u http://lrc.tdmu.edu.vn/opac/search/detail.asp?aID=2&ID=4594 
980 |a Trung tâm Học liệu Trường Đại học Thủ Dầu Một